[Event "Stuttgart-chC int"]
[Site "Ditzingen"]
[Date "2013.05.11"]
[Round "5"]
[White "Mackeprang, Jelena"]
[Black "Pillin, Josef"]
[Result "1-0"]
[WhiteElo "1094"]
[BlackElo "828"]
[PlyCount "83"]
[EventDate "2013.05.09"]
[EventType "swiss"]
[EventRounds "7"]
[EventCountry "GER"]
[SourceTitle "EXT 2014"]
[Source "ChessBase"]
[SourceDate "2013.11.20"]
[SourceVersion "1"]
[SourceVersionDate "2013.11.20"]
[SourceQuality "1"]

1. e4 e6 2. d4 d5 3. exd5 exd5 4. Nc3 Bb4 5. Bd2 Nf6 6. Qe2+ Ne4 7. Nxe4 Qe7 8. Bxb4 Qxb4+ 9. Nc3+ Be6 10. Qb5+ Nc6 11. Qxb4 Nxb4 12. 0-0-0 0-0-0 13. a3 Nc6 14. Nf3 Rhe8 15. Ne5 Nxe5 16. dxe5 a6 17. Be2 f5 18. exf6 d4 19. Ne4 Bf5 20. Ng3 g6 21. Nxf5 Rxe2 22. Ng3 Rxf2 23. Rhf1 Rxg2 24. f7 Rf8 25. Rxd4 Kb8 26. Re4 Rxf7 27. Rxf7 h5 28. Re2 Rg1+ 29. Rf1 Rxg3 30. hxg3 g5 31. Rf5 h4 32. gxh4 gxh4 33. Rh5 c6 34. Rxh4 Ka7 35. Kd2 b5 36. b3 Kb6 37. c4 bxc4 38. Rxc4 c5 39. Re5 a5 40. Rexc5 Ka6 41. Rh4 Kb6 42. Rg5 1-0

[Event "Stuttgart-chC int"]
[Site "Ditzingen"]
[Date "2013.05.09"]
[Round "1"]
[White "Mackeprang, Jelena"]
[Black "Winterkorn, Nikolaus"]
[Result "0-1"]
[WhiteElo "1094"]
[BlackElo "1456"]
[PlyCount "66"]
[EventDate "2013.05.09"]
[EventType "swiss"]
[EventRounds "7"]
[EventCountry "GER"]
[SourceTitle "EXT 2014"]
[Source "ChessBase"]
[SourceDate "2013.11.20"]
[SourceVersion "1"]
[SourceVersionDate "2013.11.20"]
[SourceQuality "1"]

1. e4 Nc6 2. Nf3 d6 3. d4 Bg4 4. Be2 e6 5. Nc3 Nf6 6. Bg5 Be7 7. 0-0 0-0 8. Re1 a6 9. d5 exd5 10. exd5 Bxf3 11. Bxf3 Ne5 12. Bf4 Nfd7 13. Bg4 Bf6 14. Bf5 g6 15. Bh6 gxf5 16. Bxf8 Nxf8 17. Qh5 Qd7 18. Re3 Neg6 19. Rf3 Bxc3 20. Rxc3 Re8 21. Re3 f4 22. Rxe8 Qxe8 23. Kf1 Qb5+ 24. Qe2 Qxd5 25. b3 Ne6 26. Rd1 Qf5 27. c3 Ne5 28. h3 f3 29. Qe3 fxg2+ 30. Kxg2 Ng6 31. Qg3 h5 32. h4 Qe4+ 33. Kf1 Nef4 0-1